000 00622nam a2200193 i 4500
001 26387
003 ES-MaACL
005 20230906153432.0
007 t|
008 030109s1964 sp ||||1| spa d
100 1 _aArtiles, Joaquín.
_923480
245 1 4 _aLos recursos literaios de Berceo /
_cJoaquín Artiles.
260 _aMadrid :
_bGredos,
_c1964.
300 _a269 p. ;
_c21 cm.
490 1 _aBiblioteca románica hispánica. II. Estudios y ensayos ;
_v81
830 0 _aBiblioteca románica hispánica. II. Estudios y ensayos ;
_v81
_9178108
852 _aES-MaACL
_jC-26630
_bR.55497
999 _c26387
_d26387